[Event "Reggio Emilia 53rd"]
[Site "Reggio Emilia"]
[Date "2010.12.30"]
[Round "3"]
[White "Vallejo Pons, Francisco"]
[Black "Navara, David"]
[Result "1-0"]
[WhiteElo "2698"]
[BlackElo "2708"]
[Annotator "Vallejo Pons,F"]
[PlyCount "91"]
[EventDate "2010.12.28"]
[EventType "tourn"]
[EventRounds "9"]
[EventCountry "ITA"]
[EventCategory "18"]
[SourceTitle "CBM 140"]
[Source "ChessBase"]
[SourceDate "2011.01.18"]
[SourceVersion "1"]
[SourceVersionDate "2011.01.18"]
[SourceQuality "1"]

1. e4 {I had 0 out of 2 head to head against Navara , he is a well prepared
player and very good at calculating. So, when preparing the game, I had one
main idea in mind, " play tight, solid chess".} e5 {Navara plays many
different defences.} 2. Nf3 Nc6 3. Bb5 a6 4. Bxc6 $1 {Especially for this game
I thought that was the right decision.} dxc6 5. O-O f6 6. d4 Bg4 $5 {Now I had
a difficult psychological choice. Firstly , to exchange queens, play an
extremely safe ending and probably keep the lead in the tournament; or second,
to play the best move c3, and go for an unclear line.} 7. c3 $1 {Making the
best move is normally the best way to play!, but not always!} (7. dxe5 Qxd1 8.
Rxd1 fxe5 {and Black is doing ok with his pair of bishops.}) 7... Bd6 8. Be3
Ne7 9. Nbd2 O-O {I had checked that line some time ago, and as usually happens
I couldn't remember the details, so I had to start to think about the position
from zero.} 10. Qb3+ $5 (10. h3 $6 Bh5 11. Qb3+ $6 Bf7 $1) 10... Kh8 11. h3 (
11. Qxb7 $5 Be6 $1 $13) 11... Bh5 (11... Bc8 {This is not in the spirit of the
line.} 12. Qc2) 12. Qxb7 Bf7 13. dxe5 fxe5 14. Nb3 $5 {Showing my ambition,
but objectively a crazy move, as Black has a draw anyway, but it ended up
being a provocative move.} (14. c4 $11 {This move forces a draw inmediately,
but as I had made a draw already the day before in a few moves, I felt bad
about going for another quick draw.} Rb8 15. Qa7 Ra8 $11) (14. b4 $5 {The
computer move is an interesting one, but Black will have some compensation for
the pawn thanks to the misplaced queen on b7:} Qd7 {[%cal Gf8b8]} 15. Ba7 Be6
$13 {[%cal Ge6h3]} 16. Rfd1 Ng6 $13 (16... Bxh3 $6 17. gxh3 Qxh3 18. Ne1 $1 $14
)) 14... Bc4 $1 15. Rfd1 (15. Na5 $6 Bxf1 16. Rxf1 Rb8 $36) 15... Rb8 $1 16.
Qa7 Ra8 $1 {Provoking me into play for a win!} 17. Qb7 $1 $11 {Being objective.
There is no point in playing a worse position unless you are completely forced
to try to win the game for external reasons, which didn't apply in this game.}
(17. Qc5 {was my first intention to make a beautiful try for a win, but then i
realised White can only be worse in the ensuing ending.} Be2 $1 18. Nxe5 Bxd1
19. Rxd1 Bxc5 20. Rxd8 Rfxd8 $1 21. Nxc5 Rd1+ 22. Kh2 a5 {With am unclear
ending, but if someone is better, it can only be Black.}) 17... Be2 $2 {
Navara is a great fighter, and he doesn't like draws very much, but somehow
this came as a surprise to me. I thought that did not work!} (17... Qe8 $5 18.
Bg5 $1 {[%cal Gd1d6]} (18. Na5 $6 Be2) (18. Nh4 $6 Qf7 19. Ba7 (19. Nf5 $2 Nxf5
20. exf5 Bd5 $17)) (18. Nbd2 $5 Bb5 $1 (18... Be2 19. Qb3 $1 $44) 19. a4 Rb8
20. Qa7 Be2 (20... Ra8 $11 21. Qxa8 Qxa8 22. c4 $1 $13) 21. Re1 Ra8 22. Qxa8
Qxa8 23. Rxe2 $13) 18... Ng8 $1 (18... Rb8 19. Qa7 Ra8 $2 (19... Ng6 20. Nfd2
Ra8 21. Qe3 Bxb3 22. axb3 h6 23. Bxh6 gxh6 24. Qxh6+ Kg8 25. Nc4 $14) 20. Qe3)
19. Nbd2 Be2 (19... Rb8 20. Qxb8 $5) 20. Re1 Bxf3 21. Nxf3 Qg6 $13) 18. Nxe5 $1
(18. Rd2 $2 Bxf3 19. gxf3 Ng6 $40) 18... Qe8 (18... Rb8 19. Nxc6 Nxc6 20. Qxc6
Bxd1 21. Rxd1 Bh2+ 22. Kxh2 Qxd1 $14 {and only White can be better!}) (18...
Bxd1 19. Rxd1 Bxe5 (19... Qe8 20. Nc4 $16) 20. Rxd8 Rfxd8 21. Bd4 Rdb8 (21...
Bd6 $2 22. Ba7 $1 $18 {The point!}) 22. Qxa8 Rxa8 23. Bxe5 $14) 19. Rxd6 $1 {
Freeing some space for the queen!} cxd6 20. Re1 $1 {Nice precise move to get
rid of the bishop on e2.} dxe5 (20... Bb5 21. Nd7 $1 Rf7 22. e5 $1 {This
precise sequence was pointed out by Navara during the commentaries for the
public after the game. He is probably one of the most difficult chess players
in the world to try to guess afterwards what was the result of his game; his
attitude is the same, win or lose.}) 21. Rxe2 {After all the exchanges, it now
becomes clear that White is much better with 2 pawns and a bishop for the rook.
} Ng6 22. Rd2 $1 {Going out of range of an attack by the g6- knight and
getting the only open file.} Qe6 (22... Rb8 23. Qa7) 23. Nc5 $1 {Giving up a
pawn but achieving better coordination.} Qxa2 24. Kh2 {Prophylaxis . Now
threatening b3! with killing power.} (24. Rd7 {is more logical, but not so
precise.} Rab8 $1 25. Qc7 Rbc8 $1) (24. Qxc6 $16) (24. b3 $5 Qa1+ 25. Kh2)
24... Qc4 (24... Rab8 $5 25. Qd7 $3 (25. Qa7 Ra8 26. Qd7) (25. Qxc6 $6 Rxb2 26.
Rxb2 Qxb2 27. Ne6) 25... Rxb2 26. Rxb2 Qxb2 27. Ne6 Rg8 28. Bh6 $3 gxh6 29. Qf7
$18) 25. Rd7 (25. Qxc6 $16) 25... Rab8 (25... Qb5 $1 {Sad, but probably the
best option, although the position is already very difficult for Black.} 26.
Rxg7 (26. Qc7 Rac8 27. Qd6) 26... Qxb7 27. Rxb7) 26. Qxc6 Rxb2 {Trying to find
some counterplay, but White's king proves to be in a much safer place than its
opposite number.} (26... Rbc8 27. Qxa6 (27. Qd5 $18) 27... Rxc5 28. Qa7 $1 $18)
27. Rxg7 (27. Qd6 $1 $18 {and the computer will soon finish the game, although
this is a difficult move to calculate till the end for a human.} Rbb8 28. Ne6
Rg8 29. Bh6 $1 gxh6 30. Ng5 $1 $18) 27... Rfxf2 (27... Kxg7 $2 28. Ne6+) (27...
Qb5 $2 28. Qc7) (27... Rf7 $2 28. Qe8+ Kxg7 29. Ne6+ $18) 28. Bxf2 Rxf2 29.
Qc8+ $1 {The whole point of the combination, which I saw lots of moves ago;
without this move, things will be very far from clear.} (29. Rxg6 hxg6 30. Qe8+
Kh7 $5 $13 (30... Qg8)) 29... Kxg7 $8 (29... Nf8 $2 30. Qc7) (29... Rf8 $2 30.
Qd7) 30. Ne6+ Qxe6 31. Qxe6 Rxg2+ $1 32. Kh1 Rg3 (32... Rc2 33. Qd7+ $1 Kh6 34.
Qd1 (34. Qd3) 34... Rxc3 $2 35. Qd2+) 33. c4 Rc3 34. Qd7+ Kh8 (34... Kf6 $1 {
and probably White is winning but there is still some work to do.} 35. c5 Ne7
36. Kg2 (36. Qd6+ Kf7 37. Kh2 (37. h4 $2 Rh3+ 38. Kg2 Rxh4 39. Qxe5 Rh6 {
and Black will create a very difficult fortess to break!!}) 37... Rc2+ 38. Kg3
Rc3+ 39. Kg4 h5+ 40. Kxh5 Rxh3+ 41. Kg4 Rh8 42. Qxe5 Rh6 43. Qd4 Rc6 44. Kf4
Ke6) 36... Rc2+ 37. Kf1 Kf7 $1 38. Qc7 Rc3 39. Qxe5 Rxh3 40. Qf4+ Ke8 41. Qd6
Kf7 42. c6 $2 Rf3+) 35. h4 h5 36. Qc8+ Kg7 37. Qd7+ {gaining some time so as
to reach the move 40 time control.} Kh8 38. Qd6 (38. Qd2 $5 $18 Rxc4 (38...
Rh3+ 39. Kg1 (39. Kg2 $2 Nf4+ 40. Kg1 Rg3+ $11)) 39. Qh6+) (38. Qf5 Kg7) 38...
Kg7 (38... Rxc4 $2 {with a stalemate idea...} 39. Qxg6 Rc1+ 40. Kg2 Rg1+ {
Pity, Black still has a pawn on a6.}) 39. c5 Rh3+ {Desperation.} 40. Kg1 Rxh4
41. c6 Rg4+ 42. Kf2 Rf4+ 43. Ke3 Rf6 44. Qd8 Rf7 (44... Rxc6 45. Qd7+) 45. c7
Ne7 46. Qd6 {A nice game, but David deserves credit for taking risks when he
didn't need to.} 1-0

[Event "Vienna m"]
[Site "Vienna"]
[Date "2015.08.17"]
[Round "1"]
[White "Mamedyarov, Shakhriyar"]
[Black "Ragger, Markus"]
[Result "1-0"]
[WhiteElo "2735"]
[BlackElo "2688"]
[Annotator "Wagner,D"]
[PlyCount "51"]
[EventDate "2015.08.17"]
[EventType "match"]
[EventRounds "6"]
[EventCountry "AUT"]
[SourceTitle "CBM 168"]
[Source "ChessBase"]
[SourceDate "2015.09.14"]
[SourceVersion "1"]
[SourceVersionDate "2015.09.14"]
[SourceQuality "1"]

{Parallel to the prestigious Vienna Open an interesting match was held betwenn
Austria's best player Markus Ragger and Azerbaijan's number one Shakhriyar
Mamedyarov.} 1. e4 e5 2. Nf3 Nc6 3. Bb5 a6 4. Bxc6 $5 {The Exchange Spanish is
not so popular at the highest level, but it's not without venom.} dxc6 5. O-O
f6 {Black has many possibilities, but f6 is considered to be the most
principled move. This position turned out to be an important tabiya of the
match, because it also occured in the two other games where Mamedyarov had the
white pieces.} 6. d4 (6. Re1 $5 c5 7. c3 Ne7 8. d4 {0-1 (26) Mamedyarov,S 
(2735)-Ragger,M (2688) Vienna 2015. White managed to create some problems, but
nevertheless lost the game.}) 6... exd4 7. Nxd4 {The absolute mainline. For
the other games of the match Mamedyarov found some interesting, less explored
tries.} (7. e5 {1-0 (42) Mamedyarov,S (2735)-Ragger,M (2688) Vienna 2015. In
the third game Mamedyarov went for this funny move, showed deep preparation
and won an interesting opposite-coloured bishop ending with convincing
technique.}) 7... c5 8. Nb3 (8. Ne2 {is another way of handling the endgame
and featured in a recent and interesting game:} Qxd1 9. Rxd1 Bd7 10. Be3 O-O-O
11. Nbc3 Re8 12. f3 f5 13. Ng3 Bd6 14. Bf2 f4 15. Nh5 g6 16. Rxd6 $1 {This
strong exchange sac is the main reason for mentioning this game.} cxd6 17. Nxf4
$14 {1-0 (55) Volokitin,A (2654)-Romanishin,O (2475) Warsaw 2015}) 8... Qxd1 9.
Rxd1 Bg4 $1 {In some concrete lines later on, it will be useful to have
provoked f2-f3!} (9... Be6 10. Bf4 c4 11. Na5 b6 12. Nc6 Bd7 13. Nd4 O-O-O 14.
Nc3 Ne7 15. b3 $36) 10. f3 Be6 (10... Bd7 {has been played by Ragger before.}
11. Bf4 O-O-O 12. Nc3 c4 13. Na5 b5 14. Nd5 Bc5+ 15. Kh1 (15. Be3 $1 $14 {
was probably Mamedyarov's improvement on that game.}) 15... Ne7 16. Bxc7 Nxd5
17. Bxd8 Ne3 18. Nb7 Nxd1 19. Nxc5 Nf2+ 20. Kg1 Nxe4 21. fxe4 Rxd8 $11 {
1/2-1/2 (36) Guseinov,G (2603)-Ragger,M (2668) Rhodes 2013}) 11. Nc3 (11. Bf4
c4 12. Nd4 (12. Na5 b6 $1 (12... Bc5+ 13. Kf1 Bb6 14. b4 cxb3 15. axb3 $14) 13.
Nc6 Bc5+ $1 {This check is the main reason for provoking f2-f3!} 14. Nd4 (14.
Kf1 Bd7 15. Nd4 O-O-O $11) 14... O-O-O 15. Be3 Ne7 $11) 12... O-O-O 13. Nc3 Bf7
$11 {is considered to be fine for Black.}) 11... Bd6 12. Be3 b6 13. a4 $1 {
Quite typical; White tries to create some weaknesses on the queenside.} a5 (
13... O-O-O $5 14. a5 Bxb3 15. cxb3 b5 {is not much for White, either.} 16. Nd5
Ne7 17. Rac1 Nxd5 18. Rxd5 Be5 19. Rcxc5 {1/2-1/2 (19) Nisipeanu,L (2684)
-Onischuk, A (2664) Foros 2008} (19. Rdxc5 Rd3 20. f4 Bd6 21. Rd5 Rxe3 22. Rxd6
Re8 $1 (22... Rxe4 23. Rdc6 $2 $16) 23. Rxa6 (23. Rdc6 Re7 $1) 23... R8xe4 $11
{Black has enough counterplay to hold easily.})) 14. Nb5 O-O-O 15. Nxd6+ cxd6
16. Nd2 d5 $2 {A bad decision, after which Black's position collapses
surprisingly quickly. It´s premature to open the position, while the kingside
isn't developed.} (16... Ne7 $1 {is more logical and enough for equality.} 17.
c4 (17. Bf2 d5 18. exd5 Bxd5 $11) 17... f5 $1 {Black's setup is harmonious and
he has nothing to fear.} 18. Re1 (18. Bg5 Rd7 19. Bxe7 Rxe7 20. exf5 Bxf5 21.
Nf1 Bc2 22. Rxd6 Kc7 23. Rd2 Bb3 $11) 18... Ng6 19. exf5 Bxf5 20. Nf1 Rhe8 $11)
17. exd5 Bxd5 18. b4 $1 {Energetic and enterprising play by Mamedyarov. The
pawn break more or less decides the game!} (18. b3 Ne7 19. Kf2 Rd7 $11 {
1/2-1/2 (32) Bojkov,D (2512)-Stefanova,A (2549) Sunny Beach 2009. Black was
completely fine.}) 18... axb4 19. a5 bxa5 (19... Ne7 20. axb6 Nc6 21. Bxc5 Kb7
22. Kf2 $16 {White should win in the long run.}) 20. Bxc5 {Black won't survive
for long with his weak king and dropping queenside pawns.} Nh6 21. Rxa5 Rhe8 $6
(21... Bb7 $142 22. Bxb4 Rd5 {offers at least a few defensive chances.} 23. Ra3
$18) 22. Bb6 Rd6 (22... Rd7 23. Nc4 $18) 23. Nc4 $1 Bxc4 24. Rxd6 Re1+ 25. Kf2
Re2+ 26. Kg3 {A crushing victory by Mamedyarov!} 1-0

[Event "NED-ch52"]
[Site "Rotterdam"]
[Date "1997.06.21"]
[Round "1"]
[White "Van der Wiel, John"]
[Black "Van der Sterren, Paul"]
[Result "1-0"]
[WhiteElo "2555"]
[BlackElo "2515"]
[Annotator "Wedberg,T"]
[PlyCount "71"]
[EventDate "1997.06.21"]
[EventType "tourn"]
[EventRounds "11"]
[EventCountry "NED"]
[EventCategory "12"]
[SourceTitle "CBM 060"]
[Source "ChessBase"]
[SourceDate "1997.09.29"]
[SourceVersion "1"]
[SourceVersionDate "1997.09.29"]
[SourceQuality "1"]

1. e4 {VanderWiel} e5 2. Nf3 Nc6 3. Bb5 a6 4. Bxc6 dxc6 5. O-O f6 6. d4 Bg4 7.
dxe5 Qxd1 8. Rxd1 fxe5 9. Rd3 Bd6 10. Nbd2 Nf6 11. b3 O-O-O 12. Bb2 Rhe8 13.
Re1 b5 14. a3 $146 {A logical novelty considering the problems White has had
with the move Bb4 in earlier games.} (14. g3 Bb4 15. Ree3 Bc5 16. Re2 Rxd3 17.
cxd3 Rd8 18. h3 Bxh3 19. Nxe5 Bg4 $36 {1-0 Brunner,L-Schandorff,L/Manila olm
1992/TD 92\02 (36)}) (14. h3 Bh5 15. Nf1 Bb4 16. Red1 Nxe4 17. g4 Bg6 18. Nxe5
Rxd3 19. Rxd3 Bc5 20. Ne3 Rf8 21. Nxg6 hxg6 22. Bd4 Bxd4 23. Rxd4 Nc3 $17 {
Brynell,S-Geller,E/Berliner Sommer 1991/TD 91\04/0-1 (50)}) (14. Bc3 Nd7 15.
Ng5 Nf8 16. Nf1 $14 {1-0 Milligan Scott,H-Ribeiro,R/Thessaloniki olw 1984/BIG
80 (43)}) 14... Nd7 (14... Nh5 $5) 15. Ng5 $1 Nc5 16. Rg3 $16 h5 17. Nf7 Rd7
18. Nxd6+ cxd6 19. h3 Be6 20. Rg5 Rh8 21. Nf1 Bg8 22. Ng3 h4 23. Nf5 Rh7 (23...
Bh7 $5) 24. Rg6 Be6 25. b4 (25. Nxd6+ $1 Rxd6 26. Bxe5 Kd7 (26... Rd2 27. b4
$16) 27. Bxd6 Kxd6 28. f4 $16 (28. f4 {Van der Wiel} Ke7 (28... Kd7 $5) 29. f5
Bd7 {/\ 30...Be8, 31...Kf6} 30. b4 $1 {>< e6} Na4 (30... Nb7 31. Rd1 $1) (30...
Be8 31. bxc5 (31. Rg4 Na4 32. e5)) 31. Kf2)) 25... Bxf5 26. exf5 Na4 27. Ba1 (
27. Bc1 $14) 27... Nb6 28. f4 $6 exf4 29. Re4 Nd5 30. Ree6 Kc7 31. Kf2 (31.
Rxd6 {Van der Wiel} Rxd6 32. Be5 Nf6) 31... Ne3 32. Kf3 Nxf5 (32... Nxc2 $1 33.
Bb2 Ne3 34. Kxf4 Nc4 $15) 33. Kxf4 Ne7 (33... Rf7 $142 {Van der Wiel}) 34. Rg4
Nd5+ 35. Kg5 $14 Rf7 $4 36. Kg6 (36. Kg6 {Van der Wiel} Rf1 $1) 1-0

[Event "Nabereznye Chelny"]
[Site "Nabereznye Chelny"]
[Date "1993.??.??"]
[Round "?"]
[White "Shur, Mikhail"]
[Black "Berzinsh, Roland"]
[Result "1/2-1/2"]
[WhiteElo "2380"]
[BlackElo "2370"]
[Annotator "Wedberg,T"]
[PlyCount "41"]
[EventDate "1993.??.??"]
[EventType "tourn"]
[EventRounds "13"]
[EventCountry "RUS"]
[EventCategory "7"]
[SourceTitle "CBM 037"]
[Source "ChessBase"]
[SourceDate "1993.12.01"]
[SourceVersion "1"]
[SourceVersionDate "1993.12.01"]
[SourceQuality "1"]

1. e4 e5 2. Nf3 Nc6 3. Bb5 a6 4. Bxc6 dxc6 5. O-O f6 6. d4 Bg4 7. dxe5 Qxd1 8.
Rxd1 fxe5 9. Rd3 Bd6 10. Nbd2 Nf6 11. Nc4 O-O 12. Ncxe5 (12. Nfxe5 Be2 13. Re3
Bxc4 14. Nxc4 Bc5 15. Rf3 Nxe4 $10) 12... Bh5 (12... Bxf3 13. Nxf3 Nxe4 14. Be3
$14) 13. Be3 Rae8 14. Nc4 Nxe4 $10 15. Nxd6 cxd6 16. Nd2 d5 17. Nxe4 Rxe4 18.
c3 Rfe8 19. a3 a5 20. Rd4 a4 21. h3 1/2-1/2

[Event "FIDE-Wch k.o."]
[Site "Groningen"]
[Date "1997.12.12"]
[Round "2.2"]
[White "Timman, Jan H"]
[Black "Beliavsky, Alexander G"]
[Result "0-1"]
[WhiteElo "2625"]
[BlackElo "2710"]
[Annotator "Wedberg,T"]
[PlyCount "70"]
[EventDate "1997.12.09"]
[EventType "k.o."]
[EventRounds "7"]
[EventCountry "NED"]
[SourceTitle "CBM 063"]
[Source "ChessBase"]
[SourceDate "1998.03.26"]
[SourceVersion "1"]
[SourceVersionDate "1998.03.26"]
[SourceQuality "1"]

{Beliavsky breeds new life into a line not considered to be very promising for
Black. He demonstrates how Black can neutralise White's K-side play and
eventually start rolling the Q-side P-majority aided by the B-pair.} 1. e4 e5
2. Nf3 Nc6 3. Bb5 a6 4. Bxc6 dxc6 5. O-O f6 6. d4 Bg4 7. dxe5 Qxd1 8. Rxd1 fxe5
9. Nbd2 O-O-O 10. Re1 Bd6 11. h3 Bh5 12. g4 (12. Nh4 Bf7 13. Nf5 g6 14. Nxd6+
cxd6 15. f4 exf4 (15... Nf6 16. Nf3 Rhe8 17. fxe5 dxe5 18. b3 $14 {Kobalija,
M-Dervishi,E/EU-chJM U18 1996/EXT 96ch2/1-0 (86)}) 16. Nf3 h6 17. Bxf4 d5 18.
Ne5 $14 {1-0 Oral,T-Berzinsh,R/After GP Mladi 1997/CBM 61 (36)}) 12... Bf7 13.
Nf1 Rf8 $5 $146 {Black wants to transfer Bf7 to the diagonal d7-h3 and perhaps
also create some threats along the f-file on the way. The vulnerable square f5
will be protected with g6.} (13... h5 14. Ng5 Bg6 15. Ng3 hxg4 16. hxg4 Nf6 17.
f3 $14 {Knoppert,E-Van der Sterren,P/NLD-ch 1992/CBM 30/1-0 (49)}) (13... h6
14. Ng3 Re8 15. Bd2 g6 16. Kg2 Nf6 17. g5 hxg5 18. Nxg5 Bg8 $13 {Shirov,
A-Topalov,V/Linares14th 1997/CBM 57/1-0 (76)}) (13... Be6 $6 14. Ng5 {and
Black will have to part from his beloved pair of B:s. Since} Bd7 $4 {allows}
15. Nf7 $18) 14. Ng3 (14. Ng5 Be8 15. Ne6 Rf7 16. Ne3 Bd7 17. Ng5 Rf8 18. Nc4
$4 h6 $19 {This line shows another idea behind having the R on f8.}) 14... Be6
15. Kg2 g6 16. Bd2 h5 17. Ng5 Bd7 18. f3 c5 {It's important not to exchange on
g4 since that would give White the h-file.} 19. Rad1 Ne7 20. Be3 Nc6 21. c3 Nd8
22. b3 (22. gxh5 gxh5 23. h4 Nf7 24. Rg1 Be7 $132 {/\Rhg8}) 22... Ne6 23. Nxe6
(23. gxh5 Nxg5 (23... Nf4+ $6 24. Bxf4 exf4 25. hxg6 $16) (23... gxh5 24. Nf5
$11) 24. Bxg5 gxh5 25. h4 Be6 $15) 23... Bxe6 24. Bg5 (24. gxh5 gxh5 25. h4 Be7
$15) 24... Rf7 25. Rf1 b5 26. Rd2 Kb7 27. Rff2 a5 $17 {Now Black has
everything he has been striving for. White´s play disappeared with the N on g5
and Black is well under way on the Q-side.} 28. Nf1 c4 29. bxc4 Bxc4 30. Ne3
Be6 31. Nd5 Rhf8 32. c4 bxc4 33. Bh6 hxg4 $1 34. fxg4 $2 (34. Bxf8 gxh3+ 35.
Kg3 Rxf8 $17) (34. hxg4 Rh8 35. Be3 Rfh7 $17) 34... Bxd5 $1 35. exd5 c3 $1 (
35... c3 36. Rc2 (36. Rxf7 cxd2 $19) 36... Rxf2+ 37. Rxf2 Rxf2+ 38. Kxf2 Ba3
$19) 0-1

[Event "Guillermo Garcia Memorial-A 06th"]
[Site "Santa Clara"]
[Date "1998.05.25"]
[Round "2"]
[White "De la Riva Aguado, Oscar"]
[Black "Vazquez Igarza, Renier"]
[Result "0-1"]
[WhiteElo "2495"]
[BlackElo "2405"]
[Annotator "Wedberg,T"]
[PlyCount "56"]
[EventDate "1998.05.24"]
[EventType "tourn"]
[EventRounds "13"]
[EventCountry "CUB"]
[EventCategory "9"]
[SourceTitle "CBM 066"]
[Source "ChessBase"]
[SourceDate "1998.09.30"]
[SourceVersion "1"]
[SourceVersionDate "1998.09.30"]
[SourceQuality "1"]

{Vazquez improvement on move 13 gives Black a nice game. The ensuing attack is
the result of White's greediness.} 1. e4 e5 2. Nf3 Nc6 3. Bb5 a6 4. Bxc6 dxc6
5. O-O f6 6. d4 Bg4 7. dxe5 Qxd1 8. Rxd1 fxe5 9. Nbd2 O-O-O 10. Re1 Bd6 11. h3
Bh5 12. Nh4 (12. g4 Bf7 13. Nf1 Rf8 $5 14. Ng3 Be6 15. Kg2 g6 16. Bd2 h5 17.
Ng5 Bd7 18. f3 c5 {0-1 Timman,J-Beliavsky,A/Groningen 1997/CBM 63/[Wedberg] 
(35)}) 12... Ne7 (12... Bf7 13. Nf5 g6 14. Nxd6+ cxd6 15. f4 exf4 (15... Nf6
16. Nf3 Rhe8 17. fxe5 dxe5 18. b3 Bg8 19. Bb2 Nd7 20. Rad1 $14 {Kobalija,
M-Dervishi,E/EU-chJM U18 1996/EXT 96ch2/1-0 (86)}) 16. Nf3 h6 17. Bxf4 d5 18.
Ne5 Rh7 19. exd5 g5 20. Bh2 Bxd5 21. c4 Bf7 22. Rf1 $14 {1-0 Oral,T-Berzinsh,R/
Olomouc 1997/CBM 61 (36)}) 13. Nf5 Bg6 $146 {This seems to be an important
improvement.} (13... Nxf5 14. exf5 h6 (14... Bf7 15. Nf3 Rde8 16. Ng5 Bd5 17.
b3 Ref8 18. c4 Bg8 19. g4 $14 {1-0 Maljutin,E-Mamadshoev,M/Azov 1991/CBM 25 
(43)}) 15. Ne4 Be7 16. Bd2 Bf7 17. Bc3 Bd6 18. f4 $16 {1/2-1/2 Blehm,P-Blasiak,
M/Bytom 1994/EXT 97 (65)}) 14. g4 $2 (14. Nxd6+ cxd6 $11) (14. Nxe7+ Bxe7 15.
Nf3 Rhe8 $13) (14. Nxg7 $2 Rdg8 15. Nf5 (15. Ne6 Bf7 $19) 15... Nxf5 16. exf5
Bxf5 $36) 14... h5 $132 15. Nf3 hxg4 16. hxg4 Nxf5 17. exf5 Bf7 $40 18. Nxe5 {
White gets a P, but his K is stripped of all defences in the process.} Bd5 19.
f3 Rh3 20. c4 Bxf3 21. Nxf3 Rxf3 22. Re4 Bc5+ 23. Kg2 Rdd3 24. Rf4 Rg3+ 25. Kf1
Rg1+ 26. Ke2 Rdd1 27. b4 Bxb4 28. Rb1 Bd6 0-1